| 000 | 00382nam a2200181Ia 4500 | ||
|---|---|---|---|
| 001 | 15068 | ||
| 005 | 20260306165000.0 | ||
| 008 | 260306t2009||||xx |||||||||||||| ||spa|| | ||
| 041 | _aESP | ||
| 082 |
_a526.9 _bW78 |
||
| 100 |
_aWolf, Paul R. _eAUT |
||
| 245 | 0 | _aTopografĂa | |
| 260 | _c2009 | ||
| 300 |
_a _c |
||
| 650 | _aGEN | ||
| 654 | _aCIC | ||
| 942 |
_cLIB _dJUS _fJUS _2ddc _n |
||
| 999 |
_c15068 _d15068 |
||